| 000 | 00408cam a2200157ua 4500 | ||
|---|---|---|---|
| 041 |
_amal _h |
||
| 082 |
_a894.8121 _bLAL/NI |
||
| 100 | _aLalithambika, Antharjanam . | ||
| 245 |
_aNissambda Sangeetham / _cLalithambika Antharjanam. _hTextual Documents |
||
| 250 |
_a1 / _b. |
||
| 260 |
_aKottayam : _bNational Book Stall , _c1959. |
||
| 300 | _a56 ; . | ||
| 504 | _a | ||
| 942 | _cBK | ||
| 999 |
_c3996 _d3996 |
||